Влияние хозяйственных реформ в России и КНР на экономическую мысль Запада: учебное пособие

Λεπτομέρειες βιβλιογραφικής εγγραφής
Κύριος συγγραφέας: Ольсевич Ю. Я. Юлий Яковлевич
Συγγραφή απο Οργανισμό/Αρχή: Московский государственный университет им. М. В. Ломоносова (МГУ) Экономический факультет
Περίληψη:Курс служит дополнением к базовому курсу по истории экономических учений: он раскрывает механизм эволюции современной мысли в ходе взаимодействия экономической теории и хозяйственной политики на примерах рыночной трансформации в России и КНР. Рекомендации «шоковой терапии», отвергнутой в КНР, но принятой в Восточной Европе и России, сопоставляются с западными оценками хода и результатов реформ в этих странах. Выясняется, какие изъяны в исходных теоретических позициях привели к провалам в ходе российских реформ и какие задачи это выдвигает перед экономической наукой.
Γλώσσα:Ρωσικά
Έκδοση: Москва, Инфра-М, 2009
Σειρά:Учебники Экономического факультета МГУ им. М. В. Ломоносова
Θέματα:
Μορφή: Βιβλίο
KOHA link:https://koha.lib.tpu.ru/cgi-bin/koha/opac-detail.pl?biblionumber=167187

MARC

LEADER 00000nam0a2200000 4500
001 167187
005 20231101222655.0
010 |a 5160020357 
035 |a (RuTPU)RU\TPU\book\181356 
035 |a RU\TPU\book\131007 
090 |a 167187 
100 |a 20070907d2009 m y0rusy50 ca 
101 0 |a rus 
102 |a RU 
105 |a y j 000zy 
200 1 |a Влияние хозяйственных реформ в России и КНР на экономическую мысль Запада  |e учебное пособие  |f Ю. Я. Ольсевич 
210 |a Москва  |c Инфра-М  |d 2009 
215 |a 298 с. 
225 1 |a Учебники Экономического факультета МГУ им. М. В. Ломоносова 
330 |a Курс служит дополнением к базовому курсу по истории экономических учений: он раскрывает механизм эволюции современной мысли в ходе взаимодействия экономической теории и хозяйственной политики на примерах рыночной трансформации в России и КНР. Рекомендации «шоковой терапии», отвергнутой в КНР, но принятой в Восточной Европе и России, сопоставляются с западными оценками хода и результатов реформ в этих странах. Выясняется, какие изъяны в исходных теоретических позициях привели к провалам в ходе российских реформ и какие задачи это выдвигает перед экономической наукой. 
606 1 |a Экономическая мысль  |2 stltpush  |3 (RuTPU)RU\TPU\subj\67541 
606 1 |a Экономические реформы  |y Россия  |y СНГ  |2 stltpush  |3 (RuTPU)RU\TPU\subj\67505  |9 83280 
606 1 |a Китай  |x Экономика  |2 stltpush  |3 (RuTPU)RU\TPU\subj\36265  |9 57705 
610 1 |a экономика 
610 1 |a Россия 
610 1 |a КНР 
610 1 |a экономическое мышление 
610 1 |a история 
610 1 |a 20 век 
610 1 |a Англия 
610 1 |a США 
610 1 |a Восточная Европа 
610 1 |a западные модели 
610 1 |a оценка 
610 1 |a рыночные реформы 
610 1 |a переходная экономика 
610 1 |a глобализация 
610 1 |a финансовый кризис 
610 1 |a монетаризм 
610 1 |a критика 
610 1 |a экономические концепции 
610 1 |a смешанная экономика 
610 1 |a рыночный социализм 
610 1 |a институциализм 
610 1 |a национальные модели 
610 1 |a рыночный фундаментализм 
610 1 |a современные дискуссии 
610 1 |a учебные пособия 
686 |a У02(4/8)  |v LBC/SL-A  |2 rubbk 
686 |a У9(2)0-183  |v LBC/SL-A  |2 rubbk 
686 |a У9(5Кит)  |v LBC/SL-A  |2 rubbk 
700 1 |a Ольсевич  |b Ю. Я.  |g Юлий Яковлевич 
712 0 2 |a Московский государственный университет им. М. В. Ломоносова (МГУ)  |b Экономический факультет  |2 stltpush  |3 (RuTPU)RU\TPU\col\7 
801 1 |a RU  |b 63413507  |c 20091013 
801 2 |a RU  |b 63413507  |c 20100923  |g RCR 
900 |a Восток - Россия: сравнительный анализ 
900 |a Экономика КНР 
942 |c BK 
959 |a 103/20091007  |d 1  |e 279,90  |f ЧЗГЛ:1